| 000 | 01911cam a22004218i 4500 | ||
|---|---|---|---|
| 001 | 21078585 | ||
| 003 | NUST | ||
| 005 | 20220301110957.0 | ||
| 008 | 190715s2020 enk b 001 0 eng | ||
| 010 | _a 2019027840 | ||
| 020 |
_a9781138482210 _q(hardback) |
||
| 020 |
_a9781138482234 _q(paperback) |
||
| 020 |
_z9781351058513 _q(ebook) |
||
| 038 | _awaseem | ||
| 040 |
_aDLC _beng _erda _cDLC |
||
| 042 | _apcc | ||
| 050 | 0 | 0 |
_aBF311 _b.E935 2020 |
| 082 | 0 | 0 |
_a153 _bEYS |
| 100 | 1 |
_aEysenck, Michael W., _eauthor. _989952 |
|
| 245 | 1 | 0 |
_aCognitive psychology : _ba student's handbook / _cMichael W. Eysenck, Mark T. Keane. |
| 250 | _aEighth edition. | ||
| 263 | _a1911 | ||
| 264 | 1 |
_aMilton Park, Abingdon, Oxon ; _aLondon : _bRoutledge, _c2020. |
|
| 300 |
_a946p. ; _c24 cm. |
||
| 336 |
_atext _btxt _2rdacontent |
||
| 337 |
_aunmediated _bn _2rdamedia |
||
| 338 |
_avolume _bnc _2rdacarrier |
||
| 504 | _aIncludes bibliographical references and index. | ||
| 520 |
_a"The fully updated eighth edition of Cognitive Psychology: A Student's Handbook provides comprehensive yet accessible coverage of all the key areas in the field ranging from visual perception and attention, through to memory and language. Each chapter is complete with key definitions, practical real-life applications, chapter summaries and suggested further reading to help students develop an understanding of this fascinating but complex field"-- _cProvided by publisher. |
||
| 563 | _aPBK. | ||
| 650 | 0 |
_aCognition. _989953 |
|
| 650 | 0 |
_aCognitive psychology. _989954 |
|
| 700 | 1 |
_aKeane, Mark T., _d1961- _eauthor. _989955 |
|
| 776 | 0 | 8 |
_iOnline version: _aEysenck, Michael W., _tCognitive psychology _b8. _dMilton Park, Abingdon, Oxon ; New York, NY : Routledge, 2020. _z9781351058513 _w(DLC) 2019027841 |
| 906 |
_a7 _bcbc _corignew _d1 _eecip _f20 _gy-gencatlg |
||
| 942 |
_2ddc _cBK |
||
| 999 |
_c588427 _d588427 |
||